| 000 | 01022na a2200253 4500 | ||
|---|---|---|---|
| 001 | 17503 | ||
| 003 | MIRAKIL | ||
| 005 | 20181213155051.0 | ||
| 008 | 161206b tu 000 0 | ||
| 020 | _a9786053608028 | ||
| 040 |
_aMilas _btur _cTR-AnCHP |
||
| 041 | _atur | ||
| 082 |
_a956.10150922 _bİ52 2013 |
||
| 090 | _a956.10150922 İ52 2013 | ||
| 100 | _aİnal, İbnülemin Mahmud Kemal | ||
| 245 |
_aOsmanlı devrinde son sadrıazamlar _cİbnülemin Mahmud Kemal İnal |
||
| 260 |
_aİstanbul _bTürkiye İş Bankası Kültür Yayınları _c2013 |
||
| 300 |
_a3 c. _c23 sm. |
||
| 440 |
_aTürkiye İş Bankası Kültür Yayınları _vgenel yayın: 2714 |
||
| 500 | _a1940-1944 arasında İstanbul Marif Matbaası'nda 5 cüz halinde yapılan baskının tıpkıbasımısır. | ||
| 500 | _ac.1 Osmanlı devrinde son sadrazamlar I-V -- c.2 Osmanlı devrinde son sadrazamlar VI-X -- c.3 Osmanlı devrinde son sadrazamlar XI-XIV. | ||
| 650 |
_aSadrazamlar _xOsmanlı İmparatorluğu _yBiyografi |
||
| 942 |
_2dcc _cBKS |
||
| 999 |
_c5922 _d5922 |
||